The resurrection and the life: (Record no. 7590)

000 -LEADER
fixed length control field 00772nam a2200193 a 4500
001 - CONTROL NUMBER
control field :::00005351$&:&@@
003 - CONTROL NUMBER IDENTIFIER
control field OkBaRHE
005 - DATE AND TIME OF LATEST TRANSACTION
control field 20000607103325.0
008 - FIXED-LENGTH DATA ELEMENTS--GENERAL INFORMATION
fixed length control field j 000 0 eng u
040 ## - CATALOGING SOURCE
Transcribing agency
100 1# - MAIN ENTRY--PERSONAL NAME
Personal name Hanson, George.
245 14 - TITLE STATEMENT
Title The resurrection and the life:
Remainder of title a study of the resurrection and ascension narratives in the Gospels, and of the threefold version in the acts of Christ's appearance to Saul on the way to Damascus.
260 ## - PUBLICATION, DISTRIBUTION, ETC. (IMPRINT)
Place of publication, distribution, etc New York, NY., :
Name of publisher, distributor, etc Fleming H. Revell Company
Date of publication, distribution, etc cnd
300 ## - PHYSICAL DESCRIPTION
Extent 372 p. ;
Dimensions 20 cm.
650 ## - SUBJECT ADDED ENTRY--TOPICAL TERM
Topical term or geographic name as entry element Jesus Christ
General subdivision Ascension
-- Study
650 ## - SUBJECT ADDED ENTRY--TOPICAL TERM
Topical term or geographic name as entry element Jesus Christ
General subdivision Resurrection
-- Study
942 ## - ADDED ENTRY ELEMENTS (KOHA)
Source of classification or shelving scheme
Koha item type Books
Copies
Lost status Barcode Koha item type Withdrawn status Not for loan Permanent Location Shelving location Source of classification or shelving scheme Price effective from Full call number Copy number Date acquired Damaged status Date last seen
 5351Books  RHEMA Bible Training CollegeGeneral Stacks 2010-04-14BT 481 .H28412010-04-14 2010-04-14